Embedded Linux system design and development (E-BOOK) (Record no. 191465)

000 -LEADER
fixed length control field 00812 a2200253 4500
003 - CONTROL NUMBER IDENTIFIER
control field Nust
005 - DATE AND TIME OF LATEST TRANSACTION
control field 20170207154017.0
010 ## - LIBRARY OF CONGRESS CONTROL NUMBER
LC control number 2005048179
020 ## - INTERNATIONAL STANDARD BOOK NUMBER
International Standard Book Number 0849340586 (alk. paper)
020 ## - INTERNATIONAL STANDARD BOOK NUMBER
International Standard Book Number 9780849340581
035 ## - SYSTEM CONTROL NUMBER
System control number (OCoLC)ocm61151605
040 ## - CATALOGING SOURCE
Transcribing agency Nust
082 00 - DEWEY DECIMAL CLASSIFICATION NUMBER
Classification number 005.432
100 1# - MAIN ENTRY--PERSONAL NAME
Personal name Raghavan, P.
245 10 - TITLE STATEMENT
Title Embedded Linux system design and development (E-BOOK)
Statement of responsibility, etc. P. Raghavan, Amol Lad, Sriram Neelakandan.
260 ## - PUBLICATION, DISTRIBUTION, ETC.
Place of publication, distribution, etc. Boca Raton, FL :
Name of publisher, distributor, etc. Auerbach Publications,
Date of publication, distribution, etc. 2006.
300 ## - PHYSICAL DESCRIPTION
Extent xxviii, 400 p. :
Other physical details ill. ;
Dimensions 27 cm.
650 #0 - SUBJECT ADDED ENTRY--TOPICAL TERM
Topical term or geographic name entry element Embedded computer systems.
650 #0 - SUBJECT ADDED ENTRY--TOPICAL TERM
Topical term or geographic name entry element Operating systems (Computers)
651 ## - SUBJECT ADDED ENTRY--GEOGRAPHIC NAME
Geographic name E-BOOK
700 1# - ADDED ENTRY--PERSONAL NAME
Personal name Lad, Amol.
700 1# - ADDED ENTRY--PERSONAL NAME
Personal name Neelakandan, Sriram.
856 42 - ELECTRONIC LOCATION AND ACCESS
Materials specified Publisher description
Uniform Resource Identifier <a href="http://www.loc.gov/catdir/enhancements/fy0701/2005048179-d.html">http://www.loc.gov/catdir/enhancements/fy0701/2005048179-d.html</a>
942 ## - ADDED ENTRY ELEMENTS (KOHA)
Source of classification or shelving scheme
Koha item type Book
Holdings
Withdrawn status Lost status Source of classification or shelving scheme Damaged status Not for loan Collection code Permanent Location Current Location Date acquired Total Checkouts Full call number Barcode Date last seen Price effective from Koha item type
            Military College of Signals (MCS) Military College of Signals (MCS) 12/12/2016   005.432 RAG MCSEB-692 12/08/2016 12/12/2016 Book
© 2023 Central Library, National University of Sciences and Technology. All Rights Reserved.